Shakespeare by Characters - Statistics

General Stats
  • This quiz has been taken 5,317 times
    5,316 since last reset
  • The average score is 10 of 15
Answer Stats
Hint Answer % Correct
Ross, Siward, and Macduff Macbeth
93%
Mercutio, The Nurse and Tybalt Romeo and Juliet
92%
Claudius, Gertrude and Ophelia Hamlet
90%
Roderigo, Desdemona, and Iago Othello, the Moor of Venice
89%
Bottom, Theseus and Titania A Midsummer Night's Dream
80%
Portia, Cinna and Brutus Julius Caesar
72%
Antonio, Gonzalo, and Prospero The Tempest
72%
Cordelia, Regan and Goneril King Lear
71%
Gremio, Lucentio, Bianca and Kate Taming of the Shrew
61%
Sebastian, Orsino and Viola Twelfth Night
60%
Octavia, Sextus Pompey and Mark Antony Antony and Cleopatra
59%
Beatrice, Don John and Don Pedro Much Ado About Nothing
57%
Frederick, Orlando and Rosalind As You Like It
46%
Mistress Quickly, Nym and Sir John Falstaff The Merry Wives of Windsor
40%
Dromio's, Emilia and Solinus The Comedy of Errors
25%
No matching quizzes found
Score Distribution
Percent of People with Each Score
Percentile by Number Answered
Your Score History
You have not taken this quiz since the last reset